Oops! says Olly Bear / (Record no. 5469)
[ view plain ]
| 000 -LEADER | |
|---|---|
| fixed length control field | 01396nam a22003017a 4500 |
| 001 - CONTROL NUMBER | |
| control field | 5469 |
| 003 - CONTROL NUMBER IDENTIFIER | |
| control field | FISKH |
| 005 - DATE AND TIME OF LATEST TRANSACTION | |
| control field | 20241210093505.0 |
| 008 - FIXED-LENGTH DATA ELEMENTS--GENERAL INFORMATION | |
| fixed length control field | 241210b cb ||||| |||| 00| 0 eng d |
| 020 ## - INTERNATIONAL STANDARD BOOK NUMBER | |
| International Standard Book Number | 9781407227238 |
| 040 ## - CATALOGING SOURCE | |
| Original cataloging agency | FISKH |
| Language of cataloging | eng |
| Transcribing agency | FISKH |
| Modifying agency | FISKH |
| 050 ## - LIBRARY OF CONGRESS CALL NUMBER | |
| Classification number | PZ7 |
| 082 ## - DEWEY DECIMAL CLASSIFICATION NUMBER | |
| Classification number | 823.914 |
| 100 ## - MAIN ENTRY--PERSONAL NAME | |
| Personal name | Kenyon, Tony |
| Dates associated with a name | (1963-) |
| 245 ## - TITLE STATEMENT | |
| Title | Oops! says Olly Bear / |
| Statement of responsibility, etc. | Tony Kenyon |
| 250 ## - EDITION STATEMENT | |
| Edition statement | First published in 2001 |
| 260 ## - PUBLICATION, DISTRIBUTION, ETC. | |
| Place of publication, distribution, etc. | London : |
| Name of publisher, distributor, etc. | Orion, |
| Date of publication, distribution, etc. | 2001. |
| 300 ## - PHYSICAL DESCRIPTION | |
| Extent | 26 pages : |
| Other physical details | color illustrations ; |
| Dimensions | 25 cm |
| 505 ## - FORMATTED CONTENTS NOTE | |
| Formatted contents note | E<br/> |
| 520 ## - SUMMARY, ETC. | |
| Summary, etc. | Olly can't sleep. He wiggles and jiggles, falls out of bed, climbs back in, gets out to go to the bathroom, comes back to bed, wants a drink of milk, and goes down to the kitchen. Meanwhile, his mom and dad are woken by mysterious bumps, thumps, and bangs. But by the time they go up and check in Olly's room, Olly is fast asleep. Oops! Says Olly Bear introduces an adorably funny and memorable little bear character with whom all small children can identify. The pictures in soft crayon and muted nighttime colours, and the text with its gentle humor and repetition, tell a story of universal appeal. |
| 521 8# - TARGET AUDIENCE NOTE | |
| Target audience note | 260L<br/> |
| Source | Lexile<br/> |
| 521 8# - TARGET AUDIENCE NOTE | |
| Target audience note | E<br/> |
| Source | Raz-Plus<br/> |
| 650 ## - SUBJECT ADDED ENTRY--TOPICAL TERM | |
| Source of heading or term | Fear |
| Topical term or geographic name entry element | Nighttime |
| 650 ## - SUBJECT ADDED ENTRY--TOPICAL TERM | |
| Source of heading or term | Picture book |
| Topical term or geographic name entry element | Bedtime / Goodnight / Sleep |
| 700 ## - ADDED ENTRY--PERSONAL NAME | |
| Personal name | Kenyon, Tony |
| Dates associated with a name | Illustrator |
| 942 ## - ADDED ENTRY ELEMENTS (KOHA) | |
| Source of classification or shelving scheme | Dewey Decimal Classification |
| Koha item type | Books |
| Suppress in OPAC | No |
| Withdrawn status | Lost status | Source of classification or shelving scheme | Damaged status | Not for loan | Collection | Home library | Current library | Shelving location | Date acquired | Total Checkouts | Full call number | Barcode | Date last seen | Copy number | Price effective from | Koha item type |
|---|---|---|---|---|---|---|---|---|---|---|---|---|---|---|---|---|
| Dewey Decimal Classification | Fiction | Footprints International School Library Network Toul Kork Campus | Footprints International School Library Network Toul Kork Campus | TK Primary Library Room(4th Floor), Bookcase 7, Shelves 57-60, Dark Green Books | 12/10/2024 | KEN 823.914 PZ7 | 2024-2431 | 12/10/2024 | 1 | 12/10/2024 | Books | |||||
| Dewey Decimal Classification | Fiction | Footprints International School Library Network Toul Kork Campus | Footprints International School Library Network Toul Kork Campus | TK Primary Library Room(4th Floor), Bookcase 7, Shelves 57-60, Dark Green Books | 12/10/2024 | KEN 823.914 PZ7 | 2025-4194 | 08/21/2025 | 2 | 12/10/2024 | Books |
